[Event "Turniej Blitza na II Lidze Juniorów 2018"]
[Site "Szczyrk, Poland"]
[Date "2018.07.26"]
[Round "1.27"]
[White "Wolak, Julia"]
[Black "Laszczak, Przemyslaw"]
[Result "0-1"]
[TimeControl "3'+2\""]
[WhiteElo "1234"]
[BlackElo "1748"]

1. e4 {[%clk 00:03:03]} {[%emt 00:00:01]} c6 {[%clk 00:03:04]} 2. d4 {[%clk
00:03:04]} d5 {[%clk 00:03:05]} 3. Nc3 {[%clk 00:03:05]} {[%emt 00:00:02]} dxe4
{[%clk 00:03:07]} 4. Nxe4 {[%clk 00:03:06]} Bf5 {[%clk 00:03:08]} {[%emt
00:00:01]} 5. Ng3 {[%clk 00:03:06]} {[%emt 00:00:01]} Bg6 {[%clk 00:03:09]}
{[%emt 00:00:01]} 6. h4 {[%clk 00:03:05]} {[%emt 00:00:02]} h6 {[%clk
00:03:11]} 7. Nh3 {[%clk 00:03:06]} {[%emt 00:00:01]} Nf6 {[%clk 00:03:05]}
{[%emt 00:00:07]} 8. Nf4 {[%clk 00:03:05]} {[%emt 00:00:04]} Bh7 {[%clk
00:03:06]} 9. Bc4 {[%clk 00:03:04]} {[%emt 00:00:03]} e6 {[%clk 00:03:07]}
{[%emt 00:00:01]} 10. O-O {[%clk 00:03:01]} {[%emt 00:00:05]} Bd6 {[%clk
00:03:08]} {[%emt 00:00:01]} 11. Re1 {[%clk 00:03:00]} {[%emt 00:00:03]} O-O
{[%clk 00:03:08]} {[%emt 00:00:02]} 12. Bxe6 {[%clk 00:03:00]} {[%emt
00:00:02]} Bxf4 {[%clk 00:02:54]} {[%emt 00:00:16]} 13. Bxf4 {[%clk 00:02:50]}
{[%emt 00:00:13]} fxe6 {[%clk 00:02:54]} {[%emt 00:00:01]} 14. Rxe6 {[%clk
00:02:51]} {[%emt 00:00:01]} Qd5 {[%clk 00:02:23]} {[%emt 00:00:33]} 15. Rd6
{[%clk 00:02:36]} {[%emt 00:00:17]} Qc4 {[%clk 00:02:13]} {[%emt 00:00:12]} 16.
c3 {[%clk 00:02:23]} {[%emt 00:00:15]} Na6 {[%clk 00:02:10]} {[%emt 00:00:05]}
17. Qf3 {[%clk 00:01:57]} {[%emt 00:00:28]} Qd3 {[%clk 00:02:04]} {[%emt
00:00:08]} 18. Be3 {[%clk 00:01:33]} {[%emt 00:00:27]} Ne4 {[%clk 00:01:53]}
{[%emt 00:00:13]} 19. Qg4 {[%clk 00:01:21]} {[%emt 00:00:14]} Nxd6 {[%clk
00:01:43]} {[%emt 00:00:12]} 20. Qe6+ {[%clk 00:01:20]} {[%emt 00:00:02]} Nf7
{[%clk 00:01:44]} {[%emt 00:00:01]} 21. Nh5 {[%clk 00:00:42]} {[%emt 00:00:40]}
Qg6 {[%clk 00:01:40]} {[%emt 00:00:06]} 22. Qxg6 {[%clk 00:00:30]} {[%emt
00:00:15]} Bxg6 {[%clk 00:01:40]} {[%emt 00:00:01]} 23. Nf4 {[%clk 00:00:30]}
{[%emt 00:00:01]} Bf5 {[%clk 00:01:40]} {[%emt 00:00:03]} 24. Re1 {[%clk
00:00:27]} {[%emt 00:00:05]} Rfe8 {[%clk 00:01:40]} {[%emt 00:00:02]} 25. d5
{[%clk 00:00:23]} {[%emt 00:00:06]} cxd5 {[%clk 00:01:40]} {[%emt 00:00:02]} 26.
Nxd5 {[%clk 00:00:24]} {[%emt 00:00:01]} Nd6 {[%clk 00:01:36]} {[%emt
00:00:06]} 27. Rd1 {[%clk 00:00:15]} {[%emt 00:00:10]} Nc4 {[%clk 00:01:37]}
{[%emt 00:00:02]} 28. Bxh6 {[%clk 00:00:14]} {[%emt 00:00:02]} gxh6 {[%clk
00:01:37]} {[%emt 00:00:03]} 29. Nf6+ {[%clk 00:00:15]} Kf7 {[%clk 00:01:38]}
{[%emt 00:00:01]} 30. Nxe8 {[%clk 00:00:14]} {[%emt 00:00:03]} Rxe8 {[%clk
00:01:39]} 31. Rd4 {[%clk 00:00:11]} {[%emt 00:00:05]} Nxb2 {[%clk 00:01:38]}
{[%emt 00:00:03]} 32. Rf4 {[%clk 00:00:11]} {[%emt 00:00:02]} Kg6 {[%clk
00:01:39]} {[%emt 00:00:01]} 33. f3 {[%clk 00:00:11]} {[%emt 00:00:03]} Re1+
{[%clk 00:01:35]} {[%emt 00:00:05]} 34. Kf2 {[%clk 00:00:11]} {[%emt 00:00:02]}
Nd3+ {[%clk 00:01:35]} {[%emt 00:00:01]} 0-1

[Event "Turniej Blitza na II Lidze Juniorów 2018"]
[Site "Szczyrk, Poland"]
[Date "2018.07.26"]
[Round "1.15"]
[White "Mirowska, Oliwia"]
[Black "Marczak, Szymon"]
[Result "0-1"]
[TimeControl "3'+2\""]
[WhiteElo "1297"]
[BlackElo "1855"]

1. a3 {[%clk 00:03:03]} d5 {[%clk 00:03:03]} 2. c4 {[%clk 00:03:04]} {[%emt
00:00:01]} dxc4 {[%clk 00:03:04]} {[%emt 00:00:01]} 3. Qa4+ {[%clk 00:03:05]}
c6 {[%clk 00:03:06]} 4. Qxc4 {[%clk 00:03:05]} {[%emt 00:00:01]} Nf6 {[%clk
00:03:07]} {[%emt 00:00:01]} 5. e3 {[%clk 00:03:06]} {[%emt 00:00:02]} e5
{[%clk 00:03:05]} {[%emt 00:00:03]} 6. Nf3 {[%clk 00:03:06]} {[%emt 00:00:02]}
Be6 {[%clk 00:03:06]} {[%emt 00:00:02]} 7. Qc2 {[%clk 00:03:07]} {[%emt
00:00:01]} Nbd7 {[%clk 00:03:05]} {[%emt 00:00:03]} 8. Nc3 {[%clk 00:03:07]}
{[%emt 00:00:01]} Qc7 {[%clk 00:03:01]} {[%emt 00:00:06]} 9. Be2 {[%clk
00:03:08]} a6 {[%clk 00:03:01]} {[%emt 00:00:03]} 10. d3 {[%clk 00:03:09]} Bd6
{[%clk 00:02:58]} {[%emt 00:00:04]} 11. b4 {[%clk 00:03:07]} {[%emt 00:00:04]}
O-O {[%clk 00:02:58]} {[%emt 00:00:02]} 12. Bb2 {[%clk 00:03:08]} a5 {[%clk
00:02:55]} {[%emt 00:00:06]} 13. bxa5 {[%clk 00:03:05]} {[%emt 00:00:05]} Rxa5
{[%clk 00:02:54]} {[%emt 00:00:03]} 14. O-O {[%clk 00:03:05]} {[%emt 00:00:02]}
Rfa8 {[%clk 00:02:55]} 15. Nd1 {[%clk 00:02:57]} {[%emt 00:00:09]} Bxa3 {[%clk
00:02:50]} {[%emt 00:00:08]} 16. Bxa3 {[%clk 00:02:54]} {[%emt 00:00:05]} Rxa3
{[%clk 00:02:51]} {[%emt 00:00:01]} 17. Rb1 {[%clk 00:02:55]} Ra2 {[%clk
00:02:49]} {[%emt 00:00:03]} 18. Qc3 {[%clk 00:02:54]} {[%emt 00:00:04]} Rxe2
{[%clk 00:02:44]} {[%emt 00:00:07]} 19. Nb2 {[%clk 00:02:53]} {[%emt 00:00:02]}
Ra2 {[%clk 00:02:28]} {[%emt 00:00:18]} 20. Qc1 {[%clk 00:02:50]} {[%emt
00:00:05]} Qa5 {[%clk 00:02:13]} {[%emt 00:00:17]} 21. d4 {[%clk 00:02:41]}
{[%emt 00:00:11]} e4 {[%clk 00:02:10]} {[%emt 00:00:06]} 22. Ne5 {[%clk
00:02:39]} {[%emt 00:00:04]} Nxe5 {[%clk 00:02:03]} {[%emt 00:00:09]} 23. dxe5
{[%clk 00:02:39]} {[%emt 00:00:01]} Ng4 {[%clk 00:02:04]} 24. Qd1 {[%clk
00:02:26]} {[%emt 00:00:16]} Rd2 {[%clk 00:01:48]} {[%emt 00:00:19]} 25. Qc1
{[%clk 00:02:23]} {[%emt 00:00:05]} Qxe5 {[%clk 00:01:42]} {[%emt 00:00:08]} 26.
Nc4 {[%clk 00:02:20]} {[%emt 00:00:05]} Qxh2# {[%clk 00:01:42]} {[%emt
00:00:02]} 0-1

[Event "Turniej Blitza na II Lidze Juniorów 2018"]
[Site "Szczyrk, Poland"]
[Date "2018.07.26"]
[Round "1.14"]
[White "Ulrych, Wojciech"]
[Black "Mysliwiec, Natalia"]
[Result "1-0"]
[TimeControl "3'+2\""]
[WhiteElo "1901"]
[BlackElo "1316"]

1. e4 {[%clk 00:03:03]} d5 {[%clk 00:03:03]} {[%emt 00:00:02]} 2. Nc3 {[%clk
00:03:02]} {[%emt 00:00:02]} dxe4 {[%clk 00:03:00]} {[%emt 00:00:06]} 3. Nxe4
{[%clk 00:03:01]} {[%emt 00:00:02]} Bf5 {[%clk 00:02:59]} {[%emt 00:00:04]} 4.
Ng3 {[%clk 00:03:00]} {[%emt 00:00:02]} Bg6 {[%clk 00:02:59]} {[%emt 00:00:02]}
5. Nf3 {[%clk 00:03:00]} {[%emt 00:00:02]} Nf6 {[%clk 00:02:58]} {[%emt
00:00:04]} 6. d4 {[%clk 00:02:56]} {[%emt 00:00:06]} e6 {[%clk 00:02:58]}
{[%emt 00:00:02]} 7. h4 {[%clk 00:02:52]} {[%emt 00:00:05]} h6 {[%clk
00:02:59]} 8. Bc4 {[%clk 00:02:44]} {[%emt 00:00:11]} Bd6 {[%clk 00:02:55]}
{[%emt 00:00:05]} 9. Ne2 {[%clk 00:02:26]} {[%emt 00:00:20]} c6 {[%clk
00:02:52]} {[%emt 00:00:05]} 10. Bf4 {[%clk 00:02:07]} {[%emt 00:00:21]} Bxf4
{[%clk 00:02:43]} {[%emt 00:00:11]} 11. Nxf4 {[%clk 00:02:07]} {[%emt
00:00:02]} Bh7 {[%clk 00:02:43]} {[%emt 00:00:02]} 12. Qe2 {[%clk 00:02:02]}
{[%emt 00:00:07]} O-O {[%clk 00:02:29]} {[%emt 00:00:16]} 13. O-O-O {[%clk
00:02:00]} {[%emt 00:00:04]} Nbd7 {[%clk 00:02:18]} {[%emt 00:00:13]} 14. Ne5
{[%clk 00:01:59]} {[%emt 00:00:03]} Nxe5 {[%clk 00:02:16]} {[%emt 00:00:04]} 15.
dxe5 {[%clk 00:01:58]} {[%emt 00:00:03]} Qe7 {[%clk 00:01:52]} {[%emt
00:00:25]} 16. exf6 {[%clk 00:01:55]} {[%emt 00:00:07]} Qxf6 {[%clk 00:01:53]}
{[%emt 00:00:01]} 17. Nh5 {[%clk 00:01:40]} {[%emt 00:00:17]} Qe7 {[%clk
00:01:43]} {[%emt 00:00:12]} 18. Rh3 {[%clk 00:01:18]} {[%emt 00:00:24]} g6
{[%clk 00:01:33]} {[%emt 00:00:11]} 19. Ng3 {[%clk 00:01:07]} {[%emt 00:00:13]}
h5 {[%clk 00:01:30]} {[%emt 00:00:05]} 20. Ne4 {[%clk 00:01:07]} {[%emt
00:00:03]} Rad8 {[%clk 00:01:20]} {[%emt 00:00:12]} 21. Rg3 {[%clk 00:00:59]}
{[%emt 00:00:10]} Rxd1+ {[%clk 00:01:18]} {[%emt 00:00:04]} 22. Qxd1 {[%clk
00:00:57]} {[%emt 00:00:03]} Qxh4 {[%clk 00:01:14]} {[%emt 00:00:06]} 23. Bd3
{[%clk 00:00:42]} {[%emt 00:00:17]} Qf4+ {[%clk 00:01:07]} {[%emt 00:00:09]} 24.
Kb1 {[%clk 00:00:41]} {[%emt 00:00:04]} f5 {[%clk 00:00:54]} {[%emt 00:00:15]}
25. Ng5 {[%clk 00:00:41]} {[%emt 00:00:02]} Qxf2 {[%clk 00:00:53]} {[%emt
00:00:03]} 26. Rf3 {[%clk 00:00:36]} {[%emt 00:00:07]} Qh4 {[%clk 00:00:50]}
{[%emt 00:00:05]} 27. Nxe6 {[%clk 00:00:34]} {[%emt 00:00:03]} Re8 {[%clk
00:00:47]} {[%emt 00:00:05]} 28. Re3 {[%clk 00:00:30]} {[%emt 00:00:07]} Qf6
{[%clk 00:00:43]} {[%emt 00:00:05]} 29. Qe1 {[%clk 00:00:30]} {[%emt 00:00:02]}
Rc8 {[%clk 00:00:33]} {[%emt 00:00:13]} 30. Bc4 {[%clk 00:00:30]} {[%emt
00:00:02]} Kh8 {[%clk 00:00:33]} {[%emt 00:00:01]} 31. a3 {[%clk 00:00:25]}
{[%emt 00:00:08]} b5 {[%clk 00:00:34]} {[%emt 00:00:01]} 32. Bb3 {[%clk
00:00:25]} a6 {[%clk 00:00:35]} {[%emt 00:00:01]} 33. Nf4 {[%clk 00:00:24]}
{[%emt 00:00:04]} Kg7 {[%clk 00:00:24]} {[%emt 00:00:13]} 34. Re7+ {[%clk
00:00:23]} {[%emt 00:00:02]} Kh6 {[%clk 00:00:25]} {[%emt 00:00:01]} 35. Qe3
{[%clk 00:00:20]} {[%emt 00:00:05]} g5 {[%clk 00:00:26]} {[%emt 00:00:02]} 36.
Re6 {[%clk 00:00:20]} Kg7 {[%clk 00:00:23]} {[%emt 00:00:05]} 37. Nxh5+ {[%clk
00:00:18]} {[%emt 00:00:05]} Kh8 {[%clk 00:00:22]} {[%emt 00:00:02]} 38. Rxf6
{[%clk 00:00:18]} {[%emt 00:00:03]} Rd8 {[%clk 00:00:22]} {[%emt 00:00:01]} 39.
Qe7 {[%clk 00:00:17]} {[%emt 00:00:03]} Rd7 {[%clk 00:00:22]} {[%emt 00:00:03]}
40. Rf8+ {[%clk 00:00:09]} {[%emt 00:00:09]} Bg8 {[%clk 00:00:22]} {[%emt
00:00:02]} 41. Rxg8# {[%clk 00:00:09]} {[%emt 00:00:02]} 1-0

[Event "Turniej Blitza na II Lidze Juniorów 2018"]
[Site "Szczyrk, Poland"]
[Date "2018.07.26"]
[Round "1.44"]
[White "Trembowiecka-Wysota, Aleksandra"]
[Black "Nowak, Patrycja"]
[Result "1-0"]
[TimeControl "3'+2\""]
[WhiteElo "1571"]
[BlackElo "1162"]

1. d4 {[%clk 00:03:03]} {[%emt 00:46:45]} d5 {[%clk 00:03:01]} {[%emt
00:00:04]} 2. Nc3 {[%clk 00:03:03]} {[%emt 00:00:02]} Nf6 {[%clk 00:03:01]}
{[%emt 00:00:01]} 3. f3 {[%clk 00:03:05]} e6 {[%clk 00:02:59]} {[%emt
00:00:05]} 4. e4 {[%clk 00:03:06]} Bb4 {[%clk 00:02:57]} {[%emt 00:00:04]} 5.
e5 {[%clk 00:03:02]} {[%emt 00:00:06]} Nfd7 {[%clk 00:02:54]} {[%emt 00:00:05]}
6. a3 {[%clk 00:03:03]} Bxc3+ {[%clk 00:02:50]} {[%emt 00:00:06]} 7. bxc3
{[%clk 00:03:03]} O-O {[%clk 00:02:48]} {[%emt 00:00:05]} 8. Be3 {[%clk
00:02:56]} {[%emt 00:00:09]} Qe7 {[%clk 00:02:42]} {[%emt 00:00:08]} 9. Nh3
{[%clk 00:02:39]} {[%emt 00:00:19]} c5 {[%clk 00:02:42]} {[%emt 00:00:01]} 10.
Be2 {[%clk 00:02:38]} {[%emt 00:00:04]} c4 {[%clk 00:02:37]} {[%emt 00:00:07]}
11. O-O {[%clk 00:02:37]} {[%emt 00:00:02]} Re8 {[%clk 00:02:24]} {[%emt
00:00:16]} 12. Qe1 {[%clk 00:02:37]} {[%emt 00:00:03]} Nf8 {[%clk 00:02:24]}
{[%emt 00:00:02]} 13. Nf4 {[%clk 00:02:34]} {[%emt 00:00:04]} Bd7 {[%clk
00:02:14]} {[%emt 00:00:12]} 14. Qg3 {[%clk 00:02:32]} {[%emt 00:00:04]} Ng6
{[%clk 00:01:52]} {[%emt 00:00:24]} 15. Nxg6 {[%clk 00:02:30]} {[%emt
00:00:04]} fxg6 {[%clk 00:01:49]} {[%emt 00:00:05]} 16. Bg5 {[%clk 00:02:31]}
{[%emt 00:00:01]} Qf7 {[%clk 00:01:36]} {[%emt 00:00:14]} 17. Rab1 {[%clk
00:02:18]} {[%emt 00:00:15]} b6 {[%clk 00:01:32]} {[%emt 00:00:06]} 18. f4
{[%clk 00:02:13]} {[%emt 00:00:07]} Ba4 {[%clk 00:01:07]} {[%emt 00:00:27]} 19.
Rbc1 {[%clk 00:01:56]} {[%emt 00:00:20]} Qf5 {[%clk 00:01:07]} {[%emt
00:00:02]} 20. Bg4 {[%clk 00:01:45]} {[%emt 00:00:13]} Qf7 {[%clk 00:00:57]}
{[%emt 00:00:12]} 21. Kh1 {[%clk 00:01:41]} {[%emt 00:00:05]} h6 {[%clk
00:00:43]} {[%emt 00:00:16]} 22. Bh4 {[%clk 00:01:42]} {[%emt 00:00:02]} h5
{[%clk 00:00:39]} {[%emt 00:00:05]} 23. Be2 {[%clk 00:01:43]} {[%emt 00:00:02]}
Kh7 {[%clk 00:00:37]} {[%emt 00:00:04]} 24. Qf3 {[%clk 00:01:39]} {[%emt
00:00:06]} Rf8 {[%clk 00:00:27]} {[%emt 00:00:12]} 25. Bxc4 {[%clk 00:01:37]}
{[%emt 00:00:05]} Nc6 {[%clk 00:00:11]} {[%emt 00:00:17]} 26. Bd3 {[%clk
00:01:34]} {[%emt 00:00:04]} Ne7 {[%clk 00:00:08]} {[%emt 00:00:05]} 27. Qxh5+
{[%clk 00:01:33]} {[%emt 00:00:03]} Kg8 {[%clk 00:00:08]} {[%emt 00:00:03]} 28.
Qg5 {[%clk 00:01:27]} {[%emt 00:00:08]} Nf5 {[%clk 00:00:08]} {[%emt 00:00:02]}
29. Bxf5 {[%clk 00:01:21]} {[%emt 00:00:07]} gxf5 {[%clk 00:00:09]} {[%emt
00:00:02]} 30. Rf3 {[%clk 00:01:19]} {[%emt 00:00:04]} Rac8 {[%clk 00:00:10]}
{[%emt 00:00:01]} 31. Rh3 {[%clk 00:01:15]} {[%emt 00:00:06]} 1-0

[Event "Turniej Blitza na II Lidze Juniorów 2018"]
[Site "Szczyrk, Poland"]
[Date "2018.07.26"]
[Round "1.45"]
[White "Pieczewska, Gabriela"]
[Black "Paprocki, Antoni"]
[Result "0-1"]
[TimeControl "3'+2\""]
[WhiteElo "1158"]
[BlackElo "1570"]

1. c4 {[%clk 00:03:03]} Nf6 {[%clk 00:03:04]} 2. g3 {[%clk 00:03:05]} {[%emt
00:00:01]} g6 {[%clk 00:03:05]} 3. Bg2 {[%clk 00:03:06]} Bg7 {[%clk 00:03:06]}
4. Nc3 {[%clk 00:03:07]} {[%emt 00:00:02]} O-O {[%clk 00:03:07]} {[%emt
00:00:01]} 5. Nf3 {[%clk 00:03:08]} d6 {[%clk 00:03:08]} {[%emt 00:00:01]} 6.
O-O {[%clk 00:03:09]} {[%emt 00:00:02]} e5 {[%clk 00:03:10]} 7. e3 {[%clk
00:03:09]} Nbd7 {[%clk 00:03:11]} 8. d4 {[%clk 00:03:10]} {[%emt 00:00:01]} Re8
{[%clk 00:03:12]} {[%emt 00:00:01]} 9. b3 {[%clk 00:03:11]} {[%emt 00:00:02]}
c6 {[%clk 00:03:12]} {[%emt 00:00:02]} 10. Bb2 {[%clk 00:03:12]} Qc7 {[%clk
00:03:12]} {[%emt 00:00:01]} 11. Qc2 {[%clk 00:03:13]} {[%emt 00:00:01]} Nh5
{[%clk 00:03:12]} {[%emt 00:00:03]} 12. Rfe1 {[%clk 00:03:13]} {[%emt
00:00:02]} f5 {[%clk 00:03:13]} {[%emt 00:00:01]} 13. dxe5 {[%clk 00:03:06]}
{[%emt 00:00:08]} dxe5 {[%clk 00:03:14]} {[%emt 00:00:02]} 14. Ne2 {[%clk
00:03:06]} {[%emt 00:00:02]} a5 {[%clk 00:03:13]} {[%emt 00:00:02]} 15. e4
{[%clk 00:03:03]} {[%emt 00:00:05]} f4 {[%clk 00:03:10]} {[%emt 00:00:06]} 16.
Rad1 {[%clk 00:02:56]} {[%emt 00:00:08]} a4 {[%clk 00:03:07]} {[%emt 00:00:06]}
17. Qc1 {[%clk 00:02:48]} {[%emt 00:00:09]} Rf8 {[%clk 00:03:06]} {[%emt
00:00:03]} 18. Qa1 {[%clk 00:02:46]} {[%emt 00:00:04]} h6 {[%clk 00:02:57]}
{[%emt 00:00:11]} 19. Nxe5 {[%clk 00:02:44]} {[%emt 00:00:05]} Nxe5 {[%clk
00:02:57]} {[%emt 00:00:02]} 20. Bxe5 {[%clk 00:02:44]} {[%emt 00:00:01]} Bxe5
{[%clk 00:02:58]} 21. Qb1 {[%clk 00:02:45]} {[%emt 00:00:03]} f3 {[%clk
00:02:56]} {[%emt 00:00:03]} 22. Bxf3 {[%clk 00:02:43]} {[%emt 00:00:04]} Rxf3
{[%clk 00:02:56]} {[%emt 00:00:02]} 23. Rd2 {[%clk 00:02:40]} {[%emt 00:00:05]}
Qf7 {[%clk 00:02:52]} {[%emt 00:00:06]} 24. Nc1 {[%clk 00:02:26]} {[%emt
00:00:16]} Kh7 {[%clk 00:02:35]} {[%emt 00:00:19]} 25. Nd3 {[%clk 00:02:06]}
{[%emt 00:00:22]} Bc3 {[%clk 00:02:32]} {[%emt 00:00:05]} 26. Red1 {[%clk
00:02:01]} {[%emt 00:00:07]} Bxd2 {[%clk 00:02:31]} {[%emt 00:00:03]} 27. Ne5
{[%clk 00:02:01]} {[%emt 00:00:02]} Qf6 {[%clk 00:02:21]} {[%emt 00:00:12]} 28.
Nxf3 {[%clk 00:02:00]} {[%emt 00:00:03]} Qxf3 {[%clk 00:02:21]} {[%emt
00:00:02]} 29. Rxd2 {[%clk 00:02:00]} {[%emt 00:00:02]} Bh3 {[%clk 00:02:22]}
30. Rd7+ {[%clk 00:01:53]} {[%emt 00:00:10]} Bxd7 {[%clk 00:02:21]} {[%emt
00:00:02]} 31. Kf1 {[%clk 00:01:50]} {[%emt 00:00:05]} Bh3+ {[%clk 00:02:19]}
{[%emt 00:00:04]} 32. Ke1 {[%clk 00:01:51]} {[%emt 00:00:02]} Re8 {[%clk
00:02:20]} 33. Kd2 {[%clk 00:01:49]} {[%emt 00:00:05]} Rd8+ {[%clk 00:02:17]}
{[%emt 00:00:04]} 34. Kc2 {[%clk 00:01:50]} {[%emt 00:00:02]} Qd3+ {[%clk
00:02:16]} {[%emt 00:00:02]} 35. Kb2 {[%clk 00:01:51]} {[%emt 00:00:01]} a3+
{[%clk 00:02:17]} {[%emt 00:00:01]} 36. Ka1 {[%clk 00:01:52]} {[%emt 00:00:02]}
Qc3+ {[%clk 00:02:18]} 37. Qb2 {[%clk 00:01:52]} {[%emt 00:00:01]} Rd1# {[%clk
00:02:18]} {[%emt 00:00:02]} 0-1

[Event "Turniej Blitza na II Lidze Juniorów 2018"]
[Site "Szczyrk, Poland"]
[Date "2018.07.26"]
[Round "1.6"]
[White "Marczuk, Dominik"]
[Black "Michalak, Leon"]
[Result "1-0"]
[TimeControl "3'+2\""]
[WhiteElo "2112"]
[BlackElo "1337"]

1. e4 {[%clk 00:03:00]} {[%emt 00:00:03]} e6 {[%clk 00:03:03]} {[%emt
00:00:02]} 2. d4 {[%clk 00:02:57]} {[%emt 00:00:04]} d5 {[%clk 00:03:04]}
{[%emt 00:00:02]} 3. Nc3 {[%clk 00:02:56]} {[%emt 00:00:03]} Nf6 {[%emt
00:00:05]} 4. Bg5 {[%emt 00:00:08]} h6 {[%clk 00:02:50]} {[%emt 00:00:03]} 5.
Bxf6 {[%clk 00:02:54]} {[%emt 00:00:04]} Qxf6 {[%clk 00:02:50]} {[%emt
00:00:01]} 6. exd5 {[%clk 00:02:54]} {[%emt 00:00:03]} exd5 {[%clk 00:02:49]}
{[%emt 00:00:02]} 7. Nxd5 {[%clk 00:02:53]} {[%emt 00:00:04]} Qe6+ {[%clk
00:02:45]} {[%emt 00:00:04]} 8. Ne3 {[%clk 00:02:53]} {[%emt 00:00:04]} Nc6
{[%clk 00:02:29]} {[%emt 00:00:17]} 9. d5 {[%clk 00:02:52]} {[%emt 00:00:03]}
Qd6 {[%clk 00:02:20]} {[%emt 00:00:09]} 10. dxc6 {[%clk 00:02:47]} {[%emt
00:00:09]} Qxc6 {[%clk 00:02:13]} {[%emt 00:00:05]} 11. Nd5 {[%clk 00:01:58]}
{[%emt 00:00:56]} Qe6+ {[%clk 00:02:10]} {[%emt 00:00:04]} 12. Be2 {[%clk
00:01:56]} {[%emt 00:00:04]} Bd7 {[%clk 00:02:03]} {[%emt 00:00:06]} 13. Nxc7+
{[%clk 00:01:56]} {[%emt 00:00:06]} Kd8 {[%clk 00:02:02]} {[%emt 00:00:03]} 14.
Nxe6+ {[%clk 00:01:55]} {[%emt 00:00:02]} fxe6 {[%clk 00:02:02]} {[%emt
00:00:01]} 15. Bb5 {[%clk 00:01:55]} {[%emt 00:00:03]} Bd6 {[%clk 00:01:52]}
{[%emt 00:00:12]} 16. Qxd6 {[%clk 00:01:55]} {[%emt 00:00:03]} Kc8 {[%clk
00:01:52]} {[%emt 00:00:02]} 17. Bxd7+ {[%clk 00:01:54]} {[%emt 00:00:03]} Kd8
{[%clk 00:01:52]} {[%emt 00:00:02]} 18. Bxe6+ {[%clk 00:01:54]} {[%emt
00:00:02]} Ke8 {[%clk 00:01:50]} {[%emt 00:00:04]} 19. Qd7+ {[%clk 00:01:54]}
{[%emt 00:00:01]} Kf8 {[%clk 00:01:51]} {[%emt 00:00:01]} 20. Qf7# {[%emt
00:00:02]} 1-0

[Event "Turniej Blitza na II Lidze Juniorów 2018"]
[Site "Szczyrk, Poland"]
[Date "2018.07.26"]
[Round "1.4"]
[White "Janocha, Wieslaw"]
[Black "Klim, Filip"]
[Result "1-0"]
[TimeControl "3'+2\""]
[WhiteTitle "FM"]
[WhiteElo "2197"]
[BlackElo "1338"]

1. e4 {[%clk 00:03:00]} {[%emt 00:00:03]} c5 {[%clk 00:03:01]} {[%emt
00:00:03]} 2. Nf3 {[%clk 00:02:58]} {[%emt 00:00:04]} e6 {[%clk 00:03:00]}
{[%emt 00:00:02]} 3. d4 {[%clk 00:02:56]} {[%emt 00:00:04]} cxd4 {[%clk
00:02:59]} {[%emt 00:00:03]} 4. Nxd4 {[%clk 00:02:56]} {[%emt 00:00:03]} Nc6
{[%clk 00:02:54]} {[%emt 00:00:07]} 5. Nb5 {[%clk 00:02:55]} {[%emt 00:00:03]}
Nf6 {[%clk 00:02:15]} {[%emt 00:00:41]} 6. N1c3 {[%clk 00:02:46]} {[%emt
00:00:10]} a6 {[%clk 00:02:11]} {[%emt 00:00:06]} 7. Nd6+ {[%clk 00:02:44]}
{[%emt 00:00:04]} Bxd6 {[%clk 00:01:49]} {[%emt 00:00:25]} 8. Qxd6 {[%clk
00:02:42]} {[%emt 00:00:03]} Qe7 {[%clk 00:01:48]} {[%emt 00:00:04]} 9. Bf4
{[%clk 00:02:36]} {[%emt 00:00:06]} e5 {[%clk 00:01:42]} {[%emt 00:00:09]} 10.
Qxe7+ {[%clk 00:02:34]} {[%emt 00:00:04]} Kxe7 {[%clk 00:01:41]} {[%emt
00:00:04]} 11. Bg5 {[%clk 00:02:32]} {[%emt 00:00:02]} b5 {[%clk 00:01:30]}
{[%emt 00:00:15]} 12. O-O-O {[%clk 00:02:15]} {[%emt 00:00:18]} Bb7 {[%clk
00:01:10]} {[%emt 00:00:22]} 13. Nd5+ {[%clk 00:02:02]} {[%emt 00:00:15]} Kf8
{[%clk 00:00:58]} {[%emt 00:00:15]} 14. Nxf6 {[%clk 00:01:55]} {[%emt
00:00:08]} gxf6 {[%clk 00:00:58]} {[%emt 00:00:03]} 15. Bxf6 {[%clk 00:01:49]}
{[%emt 00:00:07]} Rg8 {[%clk 00:00:58]} {[%emt 00:00:03]} 16. Rxd7 {[%clk
00:01:45]} {[%emt 00:00:04]} Bc8 {[%clk 00:00:50]} {[%emt 00:00:10]} 17. Rc7
{[%clk 00:01:43]} {[%emt 00:00:04]} Na5 {[%clk 00:00:41]} {[%emt 00:00:12]} 18.
Bxe5 {[%clk 00:01:33]} {[%emt 00:00:11]} Be6 {[%clk 00:00:40]} {[%emt
00:00:05]} 19. b3 {[%clk 00:01:25]} {[%emt 00:00:08]} Rd8 {[%clk 00:00:35]}
{[%emt 00:00:08]} 20. Bc3 {[%clk 00:01:22]} {[%emt 00:00:04]} Bg4 {[%clk
00:00:31]} {[%emt 00:00:08]} 21. f3 {[%clk 00:01:17]} {[%emt 00:00:06]} Nxb3+
{[%clk 00:00:23]} {[%emt 00:00:11]} 22. axb3 {[%clk 00:01:14]} {[%emt
00:00:03]} Be6 {[%clk 00:00:23]} {[%emt 00:00:03]} 23. Bf6 {[%clk 00:01:04]}
{[%emt 00:00:11]} Re8 {[%clk 00:00:23]} {[%emt 00:00:04]} 24. Kb2 {[%clk
00:00:58]} {[%emt 00:00:08]} Rg6 {[%clk 00:00:23]} {[%emt 00:00:02]} 25. e5
{[%clk 00:00:57]} {[%emt 00:00:02]} Bf5 {[%clk 00:00:21]} {[%emt 00:00:05]} 26.
g4 {[%clk 00:00:57]} {[%emt 00:00:02]} Be6 {[%clk 00:00:18]} {[%emt 00:00:06]}
27. Bd3 {[%clk 00:00:57]} {[%emt 00:00:01]} Rh6 {[%clk 00:00:16]} {[%emt
00:00:05]} 28. h4 {[%clk 00:00:56]} {[%emt 00:00:01]} Kg8 {[%clk 00:00:12]}
{[%emt 00:00:07]} 29. h5 {[%clk 00:00:57]} {[%emt 00:00:01]} 1-0